|
|
|
|
| LEADER |
01288nam a2200421 4500 |
| 001 |
DLU090096685 |
| 005 |
##20091201 |
| 040 |
# |
# |
|a DLU
|b eng
|
| 041 |
# |
# |
|a eng
|
| 044 |
# |
# |
|a us
|
| 245 |
# |
# |
|a Two groups of bacteriophages infecting Streptococcus thermophilus can be distinguished on the basis of mode of packaging and genetic determinants for major structural proteins /
|c C. Le Marrec ... [et al.].
|
| 653 |
# |
# |
|a Bacteria
|
| 653 |
# |
# |
|a Encapsidation
|
| 653 |
# |
# |
|a Genes
|
| 653 |
# |
# |
|a Infectivity
|
| 653 |
# |
# |
|a Molecular hybridization
|
| 653 |
# |
# |
|a Proteins
|
| 653 |
# |
# |
|a Streptococcus salivarius
|
| 653 |
# |
# |
|a Virus
|
| 700 |
# |
# |
|a Fayard, B.
|
| 700 |
# |
# |
|a Fitzgerald, G.
|
| 700 |
# |
# |
|a Heinze, P.
|
| 700 |
# |
# |
|a Marrec, C. Le.
|
| 700 |
# |
# |
|a Moineau, S.
|
| 700 |
# |
# |
|a Sinderen, D. van.
|
| 700 |
# |
# |
|a Stanley, E.
|
| 700 |
# |
# |
|a Vlegels, E.
|
| 700 |
# |
# |
|a Walsh, L.
|
| 773 |
# |
# |
|t Applied and Environmental Microbiology
|g Vol. 63, no. 8 (August 1997), p. 3246-3253
|
| 920 |
# |
# |
|a Phòng Tạp chí -- Trung tâm Thông tin - Thư viện Trường Đại học Đà Lạt
|
| 994 |
# |
# |
|a DLU
|
| 900 |
# |
# |
|a True
|
| 911 |
# |
# |
|a Trương Bảo Trâm Anh
|
| 925 |
# |
# |
|a G
|
| 926 |
# |
# |
|a A
|
| 927 |
# |
# |
|a BB
|
| 980 |
# |
# |
|a Thư viện Trường Đại học Đà Lạt
|